000 00556nam a22001817a 4500
003 0
005 20240911135741.0
008 240911b xxu||||| |||| 00| 0 eng d
020 _a978-1-5297-4502-3
050 _aTR 858
_b.T66 2023
100 _aTombleson, Bridget
245 _aDigital storytelling for brands
_cBridget Tombleson and Katharina Wolf
260 _aLondon
_bSage Publications
_c2023
300 _a287 pages ;
_c25cm.
504 _aIncludes bibliographical references and index.
650 _aDigital storytelling.
942 _2lcc
_cBK
999 _c366221
_d366221